<?xml version="1.0" encoding="UTF-8"?><collection xmlns="info:lc/xmlns/marcxchange-v2"><record format="Unimarc" type="bibliographic"><leader>00577cam  2200205   450 </leader><controlfield tag="001">2023720</controlfield><controlfield tag="003">http://id.bnportugal.gov.pt/bib/porbase/2023720</controlfield><controlfield tag="005">20030516222200.0</controlfield><datafield ind1=" " ind2=" " tag="010"><subfield code="a">0-226-11101-6</subfield><subfield code="b">pbk</subfield></datafield><datafield ind1=" " ind2=" " tag="035"><subfield code="4">38788</subfield></datafield><datafield ind1=" " ind2=" " tag="095"><subfield code="a">PTBN00640248</subfield></datafield><datafield ind1=" " ind2=" " tag="100"><subfield code="a">19930630e1990    k  y0pory0103    ba</subfield></datafield><datafield ind1="0" ind2=" " tag="101"><subfield code="a">eng</subfield></datafield><datafield ind1=" " ind2=" " tag="102"><subfield code="a">US</subfield></datafield><datafield ind1="1" ind2=" " tag="200"><subfield code="a">&lt;The &gt;firm the market and the law</subfield><subfield code="f">R. H. Coase</subfield></datafield><datafield ind1=" " ind2=" " tag="210"><subfield code="a">Chicago</subfield><subfield code="c">The University Press</subfield><subfield code="d">cop. 1990</subfield></datafield><datafield ind1=" " ind2=" " tag="215"><subfield code="a">XII, 217 p.</subfield></datafield><datafield ind1=" " ind2=" " tag="675"><subfield code="a">338.45</subfield><subfield code="v">med</subfield><subfield code="z">por</subfield><subfield code="3">290210</subfield></datafield><datafield ind1=" " ind2="1" tag="700"><subfield code="a">Coase</subfield><subfield code="b">Ronald Harry</subfield><subfield code="3">546791</subfield></datafield><datafield ind1=" " ind2="0" tag="801"><subfield code="a">PT</subfield><subfield code="b">BN</subfield><subfield code="g">RPC</subfield></datafield><datafield ind1=" " ind2=" " tag="977"><subfield code="1">E/k/ 156</subfield><subfield code="2">coop</subfield><subfield code="4">UPFE</subfield><subfield code="6">mq708655</subfield><subfield code="7">bc</subfield><subfield code="8">coop</subfield><subfield code="9">UPFE</subfield><subfield code="b">28456</subfield><subfield code="k">0</subfield></datafield><datafield ind1=" " ind2=" " tag="998"><subfield code="a">UPE5-181</subfield></datafield></record></collection>